000 00944cam a22002774a 4500
005 20151009083845.0
008 001222s1999 njuab b 001 0 eng
020 _a0691088837
040 _aDLC
_cDLC
_dDLC
_dCO-BoIAVH
041 0 _aeng
044 _axxu
082 0 4 _a598.864
_bM18c
100 1 _aMadge, Steve.
245 1 0 _aCrows and jays /
_cSteve Madge and Hilary Burn.
260 _aPrinceton, N.J. :
_bPrinceton University Press,
_c1999.
300 _axxiii, 192 páginas :
_bilustraciones (algunas a color), mapas a color ;
_c24 cm.
504 _aIncluye referencias bibliográficas (páginas 185-186).
650 0 _aCuervos
_vIdentificación.
650 6 _aCuervos
_xEspecies
650 6 _aCuervos
_xTaxonomía
650 0 _aAzulejos
_vIdentificación.
650 6 _aAzulejos
_xEspecies
650 6 _aAzulejos
_xTaxonomía
700 1 _aBurn, Hilary.
942 _2ddc
_cLIBRO
999 _c4998
_d4998